On This Day: September 28th II Quiz Stats

 Plays Quiz Updated Sep 28, 2018

Score 0/7 Timer 03:00
0 Plays Today
Question Answer Wrong Answers
‘Physical’, a single by ______, is released, eventually becoming the Billboard Song of the Year.
1981
Olivia Newton-John
86.3%
Dionne Warwick
2.4%
Tina Turner
6.5%
Cher
3.7%
Israeli Prime Minister Yitzhak Rabin and this PLO Chairman sign the Interim Agreement on the West Bank and the Gaza Strip, also known as Oslo II.
1995
Yasser Arafat
85.4%
Ariel Sharon
7.6%
Hafez al-Assad
3.9%
Ismail Haniyeh
1.5%
27 million viewers tune in to watch the debut of ‘Star Trek: ______’, starring Patrick Stewart.
1987
The Next Generation
82.4%
Deep Space Nine
2.7%
Voyager
6.1%
Enterprise
7.4%
This Boston Red Sox player ends the season with a .406 batting average, becoming the last major league player to bat .400 in a season.
1941
Ted Williams
74.9%
Stan Musial
10.7%
Carl Yastrzemski
8.4%
Jimmie Foxx
5.7%
Egyptian President Gamal Abdel Nasser dies, and this man is named as temporary successor, later becoming the permanent President of Egypt.
1970
Anwar Sadat
73.9%
Hosni Mubarak
19.4%
Ahmed Shafik
3.2%
Menachem Begin
2.6%
This English-Australian actress, known for films like ‘Mulholland Drive’, ‘21 Grams’, and ‘King Kong’, is born.
1968
Naomi Watts
61.1%
Nicole Kidman
19.7%
Cate Blanchett
12.7%
Julianne Moore
5.9%
Samuel Huntington is elected President of the Continental Congress, succeeding ______.
1779
John Jay
28.1%
George Washington
28.3%
Benjamin Franklin
20%
Samuel Adams
23.4%

You're not logged in!

Compare scores with friends on all Sporcle quizzes.
OR
Log In

Show Comments

Extras

Top Quizzes Today


Score Distribution

Your Account Isn't Verified!

In order to create a playlist on Sporcle, you need to verify the email address you used during registration. Go to your Sporcle Settings to finish the process.

Report this User

Report this user for behavior that violates our Community Guidelines.

Details: